000 00311nam a22001337a 4500
020 _a978-81-8468-357-8
082 _a823
_bDUM/T
245 _aTHE THREE MUSKETEERS
_bSHORT STORY
260 _aBANGALORE
_bVASAN PUBLICATIONS
_c2011
300 _a185
520 _aSHORT STORY
650 _aSHORT STORY
942 _cBK
999 _c3997
_d3997